|
|
|
|
| LEADER |
00000cam a2200000 7i4500 |
| 001 |
0000002300 |
| 002 |
000002504 |
| 005 |
20000330.0 |
| 020 |
|
|
|a 0060152788
|
| 090 |
0 |
0 |
|a 650.07117444
|b SHA
|
| 100 |
1 |
|
|a Shames, Laurence
|
| 245 |
1 |
4 |
|a The big time
|c Laurence Shames
|
| 260 |
|
|
|a Cambridge :
|b Harper & Row ,
|c 1986
|
| 300 |
|
|
|a 226p. ;
|c 21cm.
|
| 650 |
0 |
0 |
|a Businessmen
|z United States
|x Biography
|
| 650 |
0 |
0 |
|a Harvard University.Graduate School of Business Administration.Class of 1949
|x Biography
|
| 999 |
|
|
|a 035760
|b BUKU
|c PINJAMAN
|e PERPUSTAKAAN KOMUNITI PETALING JAYA
|
| 999 |
|
|
|a 035761
|b BUKU
|c PINJAMAN
|e PERPUSTAKAAN KOMUNITI PETALING JAYA
|